বিশ্বায়ন: বিস্তার ও বিরোধ = Globalization: expansion and antagonisms / (Record no. 39412)
[ view plain ]
| 000 -LEADER | |
|---|---|
| fixed length control field | 01114nam a2200253 a 4500 |
| 001 - CONTROL NUMBER | |
| control field | 39412 |
| 003 - CONTROL NUMBER IDENTIFIER | |
| rucl marc code | BD-RjUL |
| 005 - DATE AND TIME OF LATEST TRANSACTION | |
| control field | 20211209053003.0 |
| 008 - FIXED-LENGTH DATA ELEMENTS--GENERAL INFORMATION | |
| fixed length control field | 190227s2013 bg |||| b||| 000 0 ben d |
| 020 ## - INTERNATIONAL STANDARD BOOK NUMBER | |
| International Standard Book Number | 9847000000453 |
| Terms of availability | : Tk. 300.00 |
| 035 ## - SYSTEM CONTROL NUMBER | |
| System control number | (BD-RjUL)39525 |
| 040 ## - CATALOGING SOURCE | |
| Original cataloging agency | BD-RjUL |
| Language of cataloging | ben |
| Transcribing agency | BD-RjUL |
| Modifying agency | BD-RjUL |
| 041 ## - LANGUAGE CODE | |
| Language code of text/sound track or separate title | ben |
| 082 ## - DEWEY DECIMAL CLASSIFICATION NUMBER | |
| Edition number | 23 |
| Classification number | 337 |
| Author mark and year | BIS 2013 |
| 245 00 - TITLE STATEMENT | |
| Title | বিশ্বায়ন: বিস্তার ও বিরোধ = Globalization: expansion and antagonisms / |
| Statement of responsibility, etc. | অনুবাদ ও ভূমিকা: হাসানুজ্জামান চৌধুরী |
| 250 ## - EDITION STATEMENT | |
| Edition statement | ২য় মুদ্রন =2nd ed. |
| 260 ## - PUBLICATION, DISTRIBUTION, ETC. (IMPRINT) | |
| Place of publication, distribution, etc. | ঢাকা : |
| Name of publisher, distributor, etc. | জাতীয় সাহিত্য প্রকাশ, |
| Date of publication, distribution, etc. | ২০১৩ |
| 300 ## - PHYSICAL DESCRIPTION | |
| Pagination | ২২৪ পৃ. |
| Size | ২২ সেমি. |
| 504 ## - BIBLIOGRAPHY, ETC. NOTE | |
| Bibliography, etc | তথ্যসূত্র সংযুক্ত |
| 650 ## - SUBJECT ADDED ENTRY--TOPICAL TERM | |
| Topical term or geographic name as entry element | বিশ্বায়ন |
| 9 (RLIN) | 120296 |
| Topical term or geographic name as entry element | Globalization |
| 9 (RLIN) | 121496 |
| 700 ## - ADDED ENTRY--PERSONAL NAME | |
| Personal name | চৌধুরী, হাসানুজ্জামান, অনুবাদক ও ভূমিকা |
| 942 ## - ADDED ENTRY ELEMENTS (KOHA) | |
| Source of classification or shelving scheme | Dewey Decimal Classification |
| Koha item type | Books |
| Lost status | Source of classification or shelving scheme | Damaged status | Not for loan | Collection code | Permanent Location | Current Location | Shelving location | Date acquired | Source of acquisition | Cost, normal purchase price | Total Checkouts | Full call number | Date last seen | Copy number | Koha item type | Date checked out |
|---|---|---|---|---|---|---|---|---|---|---|---|---|---|---|---|---|
| Dewey Decimal Classification | Not For Loan | Non-fiction | Central Library, University of Rajshahi | Central Library, University of Rajshahi | Reading Room | 29/04/2014 | Jatiya Sahitya Prakash, Dhaka. | 300.00 | B 337 BIS 2013 | 10/04/2016 | C-1 | Books | ||||
| Dewey Decimal Classification | Non-fiction | Central Library, University of Rajshahi | Central Library, University of Rajshahi | 14/04/1961 | Jatiya Sahitya Prakash, Dhaka. | 300.00 | 1 | B 337 BIS 2013 | 20/01/2025 | C-2 | Books | 05/01/2025 | ||||
| Dewey Decimal Classification | Non-fiction | Central Library, University of Rajshahi | Central Library, University of Rajshahi | 29/04/2014 | Jatiya Sahitya Prakash, Dhaka. | 300.00 | 2 | B 337 BIS 2013 | 24/01/2019 | C-3 | Books | 06/01/2019 | ||||
| Dewey Decimal Classification | Non-fiction | Central Library, University of Rajshahi | Central Library, University of Rajshahi | 14/04/2014 | Dhaka, Jatio Sahito prokash | 300.00 | B 337 BIS 2013 | 27/02/2019 | C-4 | Books | ||||||
| Dewey Decimal Classification | Non-fiction | Central Library, University of Rajshahi | Central Library, University of Rajshahi | 29/04/2014 | Dhaka, Jatio Sahito prokash | 300.00 | B 337 BIS 2013 | 27/02/2019 | C-5 | Books | ||||||
| Dewey Decimal Classification | Non-fiction | Central Library, University of Rajshahi | Central Library, University of Rajshahi | 31/01/2016 | Dhaka, Jatio Sahito prokash | 300.00 | B 337 BIS 2013 | 27/02/2019 | C-6 | Books |